000 00387nam a2200157Ia 4500
008 221030s9999 xx 000 0 und d
020 _a8120324031
041 _aEnglish
082 _a105.23
_bRaj
100 _aV. Rajaraman
245 0 _aIntroduction to Information technology
_cby V. Rajaraman
260 _bPHI
_aNew Delhi
_c2006
300 _a1180
650 _aComputers
942 _cBK
999 _c489
_d489